000
00319 a2200157 4500
001
179919
020
_a
040
_c
Magnum
100
_a
Góes, Lúcia Pimentel
240
1
0
_a
A pipa pepita
_l
por
245
1
0
_a
A pipa pepita
362
0
_a
1899
440
1
_a
Scipione
697
_a
MAGNITO: I/GERAL
942
_c
BK
999
_c
179919
_d
179919